Mechanical engineering laboratory instrumentation and its application.

Bibliographic Details
Main Author: Doolittle, Jesse Seymour, 1903-1988
Format: Book
Language:English
Published: New York, McGraw-Hill, 1957.
Subjects:

MARC

Tag First Indicator Second Indicator Subfields
LEADER 00000cam a22000001 4500
001 in00000692021
005 20230706130125.0
008 850513s1957 nyua b 000 0 eng
010 |a  56010309  
015 |a GB5707167  |2 bnb 
016 7 |a 000967631  |2 Uk 
019 |a 1539525  |a 978001270 
029 1 |a AU@  |b 000003882474 
029 1 |a AU@  |b 000045116563 
029 1 |a NZ1  |b 2592816 
029 1 |a UKMGB  |b 000967631 
035 |a (OCoLC)ocm12133041  
035 |a (OCoLC)12133041  |z (OCoLC)1539525  |z (OCoLC)978001270 
035 |a (OCoLC)ocm12133041  
040 |a DLC/ICU  |b eng  |c CGU  |d DLC  |d UKM  |d LVB  |d AU@  |d UKMGB  |d OCLCF  |d CNUTO  |d PHUST  |d OCLCO  |d OCLCQ  |d CSJ  |d OCLCQ  |d OCLCO 
050 0 0 |a TJ148  |b .D63 
082 0 0 |a 621.078 
100 1 |a Doolittle, Jesse Seymour,  |d 1903-1988. 
245 1 0 |a Mechanical engineering laboratory instrumentation and its application. 
260 |a New York,  |b McGraw-Hill,  |c 1957. 
300 |a 396 pages  |b illustrations  |c 24 cm 
336 |a text  |b txt  |2 rdacontent 
337 |a unmediated  |b n  |2 rdamedia 
338 |a volume  |b nc  |2 rdacarrier 
340 |m 8vo.  |2 rdabf 
504 |a Includes bibliographical references. 
650 0 |a Mechanical engineering laboratories. 
650 0 |a Physical instruments. 
650 6 |a Génie mécanique  |x Laboratoires. 
650 6 |a Physique  |x Instruments. 
650 7 |a Mechanical engineering laboratories.  |2 fast  |0 (OCoLC)fst01013409 
650 7 |a Physical instruments.  |2 fast  |0 (OCoLC)fst01062676 
776 0 8 |i Online version:  |a Doolittle, Jesse Seymour, 1903-  |t Mechanical engineering laboratory instrumentation and its application.  |d New York, McGraw-Hill, 1957  |w (OCoLC)624403759 
948 |h NO HOLDINGS IN TXA - 155 OTHER HOLDINGS 
994 |a Z0  |b TXA 
999 f f |s adaafa09-ac36-3705-aac4-d03f6a41817f  |i 3d18690b-5c64-3b7e-a973-51d8843c6ea8  |t 0 
952 f f |p ric  |a Texas A&M University  |b Rellis Campus  |c Joint Library Facility  |d Remote Storage  |t 0  |e TJ148 .D63  |h Library of Congress classification  |i unmediated -- volume  |m A14805421494 
998 f f |a TJ148 .D63  |t 0  |l Remote Storage